MCSE planning a Windows Server 2003 network infrastructure: Study guide ( Exam 70 - 293)
Enregistré dans:
| Auteur principal: | |
|---|---|
| Format: | Livre |
| Langue: | Undetermined |
| Publié: |
New York
McGraw-Hill/Osborne
2004
|
| Sujets: | |
| Tags: |
Ajouter un tag
Pas de tags, Soyez le premier à ajouter un tag!
|
| Thư viện lưu trữ: | Trung tâm Học liệu Trường Đại học Cần Thơ |
|---|
| LEADER | 00617nam a2200205Ia 4500 | ||
|---|---|---|---|
| 001 | CTU_117829 | ||
| 008 | 210402s9999 xx 000 0 und d | ||
| 082 | |a 005.43769 | ||
| 082 | |b H891 | ||
| 100 | |a Huggins, Diana | ||
| 245 | 0 | |a MCSE planning a Windows Server 2003 network infrastructure: | |
| 245 | 0 | |b Study guide ( Exam 70 - 293) | |
| 245 | 0 | |c Diana Huggins | |
| 260 | |a New York | ||
| 260 | |b McGraw-Hill/Osborne | ||
| 260 | |c 2004 | ||
| 650 | |a computer networks,windows ( computer programs ) | ||
| 650 | |x computer programs | ||
| 904 | |i M.Loan | ||
| 980 | |a Trung tâm Học liệu Trường Đại học Cần Thơ | ||